Rationality in economics constructivist and ecological forms

Enregistré dans:
Détails bibliographiques
Auteur principal: Smith, Vernon L.
Format: Livre
Langue:anglais
Publié: New York Cambridge University Press 2010
Sujets:
Tags: Ajouter un tag
Pas de tags, Soyez le premier à ajouter un tag!

MARC

LEADER 00000nam a2200000 4500
001 0143552
005 20221207093758.9
020 |a 978-0-521-13338-8 
020 |a 978-0-521-87135-8 
041 0 |a eng 
044 |a US 
245 1 0 |a Rationality in economics  |b constructivist and ecological forms  |c Vernon L. Smith 
264 1 |a New York  |b Cambridge University Press  |c 2010 
300 |a xx, 364 s. 
610 2 0 |a racionalita ekonomická 
610 2 0 |a ekonomika environmentálna 
610 2 0 |a ekonomika ekologická 
100 1 |a Smith, Vernon L.